| Tag |
First Indicator |
Second Indicator |
Subfields |
| LEADER |
00000cam a2200000 4500 |
| 001 |
in00000052589 |
| 005 |
20151007072139.0 |
| 008 |
730129s1962 nyua 00000 eng |
| 010 |
|
|
|a 62010523
|
| 035 |
|
|
|a (OCoLC)00546378
|
| 035 |
|
|
|9 AAE7322AM
|
| 040 |
|
|
|a DLC
|c WSU
|d OCL
|d TXA
|d UtOrBLW
|
| 041 |
1 |
|
|a eng
|a ger
|
| 049 |
|
|
|a TXAM
|c [351085]
|
| 050 |
|
0 |
|a QE522
|b .R613
|
| 082 |
0 |
|
|a 551.21
|
| 092 |
|
|
|a 551.21
|b R615v, 1962
|
| 100 |
1 |
|
|a Rittmann, Alfred,
|d 1893-1980.
|
| 245 |
1 |
0 |
|a Volcanoes and their activity /
|c Translated from the 2d German ed. by E. A. Vincent.
|
| 264 |
|
1 |
|a New York :
|b Interscience Publishers,
|c 1962.
|
| 300 |
|
|
|a 305 pages :
|b illustrations ;
|c 24 cm.
|
| 336 |
|
|
|a text
|b txt
|2 rdacontent
|
| 337 |
|
|
|a unmediated
|b n
|2 rdamedia
|
| 338 |
|
|
|a volume
|b nc
|2 rdacarrier
|
| 650 |
|
0 |
|a Volcanoes.
|
| 999 |
|
|
|a MARS
|
| 999 |
f |
f |
|s 916f0501-8d11-3650-83f1-16d0f3901a68
|i 94ed4111-74a2-300c-9962-4bfeea59c1f6
|t 0
|
| 952 |
f |
f |
|p normal
|a Texas A&M University
|b College Station
|c Sterling C. Evans Library
|d Evans: Library Stacks
|t 0
|e QE522 .R613
|h Library of Congress classification
|i unmediated -- volume
|m A14800950781
|
| 998 |
f |
f |
|a QE522 .R613
|t 0
|l Evans: Library Stacks
|